[Event "1st Turkish League 2017"]
[Site "Konya"]
[Date "2017.07.20"]
[Round "6"]
[White "Demirtas, Hafize"]
[Black "Saim, Sida"]
[Result "1/2-1/2"]
[WhiteElo "1676"]
[BlackElo "1634"]
[Annotator "NA"]
[PlyCount "175"]
[EventType "team-tourn"]
[EventCountry "TUR"]
[SourceTitle "playchess.com"]
[Source "ChessBase"]
[SourceQuality "1"]
[TimeControl "5400+30"]

1. d4 {[%emt 0:00:30]} d5 {[%emt 0:01:00]} 2. c4 {[%emt 0:00:30]} e6 {[%emt 0:00:30]} 3. Nc3 {[%emt 0:00:00]} Nf6 {[%emt 0:00:00]} 4. cxd5 {[%emt 0:00:00]} exd5 {[%emt 0:00:00]} 5. Qc2 {[%emt 0:00:00]} c6 {[%emt 0:00:30]} 6. Nf3 {[%emt 0:00:00]} Be7 {[%emt 0:01:30]} 7. Bf4 {[%emt 0:00:30]} O-O {[%emt 0:00:00]} 8. e3 {[%emt 0:00:00]} Re8 {[%emt 0:02:00]} 9. Bd3 {[%emt 0:00:00]} h6 {[%emt 0:01:30]} 10. h3 {[%emt 0:00:30]} a6 {[%emt 0:02:30]} 11. O-O-O {[%emt 0:00:30]} b5 {[%emt 0:01:30]} 12. Rdg1 {[%emt 0:00:30]} Bd6 {[%emt 0:03:30]} 13. Bxd6 {[%emt 0:01:30]} Qxd6 {[%emt 0:00:30]} 14. g4 {[%emt 0:06:30]} c5 {[%emt 0:09:30]} 15. dxc5 {[%emt 0:13:30]} Qxc5 {[%emt 0:00:30]} 16. g5 {[%emt 0:01:30]} hxg5 {[%emt 0:01:30]} 17. Rxg5 {[%emt 0:03:30]} b4 {[%emt 0:04:30]} 18. Nxd5 {[%emt 0:08:30]} Qxc2+ {[%emt 0:01:30]} 19. Kxc2 {[%emt 0:00:30]} Nxd5 {[%emt 0:02:30]} 20. Rxd5 {[%emt 0:00:30]} Bb7 {[%emt 0:10:30]} 21. Rf5 {[%emt 0:05:30]} Nd7 {[%emt 0:02:30]} 22. Rg1 {[%emt 0:03:30]} Rac8+ {[%emt 0:00:30]} 23. Kd2 {[%emt 0:06:30]} Bxf3 {[%emt 0:00:30]} 24. Rxf3 {[%emt 0:00:30]} Ne5 {[%emt 0:01:30]} 25. Rfg3 {[%emt 0:00:30]} Red8 {[%emt 0:00:30]} 26. e4 {[%emt 0:04:30]} g6 {[%emt 0:01:30]} 27. Rb1 {[%emt 0:04:30]} Rc4 {[%emt 0:06:30]} 28. f4 {[%emt 0:03:30]} Nxd3 {[%emt 0:00:30]} 29. Rxd3 {[%emt 0:00:30]} Re8 {[%emt 0:00:00]} 30. Re1 {[%emt 0:04:30]} Rcxe4 {[%emt 0:01:00]} 31. Rxe4 {[%emt 0:00:30]} Rxe4 {[%emt 0:00:00]} 32. Rf3 {[%emt 0:00:00]} f5 {[%emt 0:07:00]} 33. Kc2 {[%emt 0:01:00]} a5 {[%emt 0:00:00]} 34. Kb3 {[%emt 0:02:30]} Re2 {[%emt 0:02:00]} 35. a3 {[%emt 0:02:30]} bxa3 {[%emt 0:02:30]} 36. bxa3 {[%emt 0:01:30]} Re4 {[%emt 0:00:30]} 37. Kc3 {[%emt 0:11:54]} Kg7 {[%emt 0:03:30]} 38. Kb3 {[%emt 0:02:18]} Kh6 {[%emt 0:00:00]} 39. Kc3 {[%emt 0:00:23]} Kh5 {[%emt 0:03:00]} 40. Kd3 {[%emt 0:00:14]} Kh4 {[%emt 0:02:30]} 41. Kd2 {[%emt 0:01:31]} Rc4 {[%emt 0:01:30]} 42. Kd1 {[%emt 0:01:36]} a4 {[%emt 0:03:30]} 43. Kd2 {[%emt 0:00:35]} Re4 {[%emt 0:03:30]} 44. Kd1 {[%emt 0:00:25]} Rd4+ {[%emt 0:01:30]} 45. Kc2 {[%emt 0:01:00]} Rc4+ {[%emt 0:01:30]} 46. Kd1 {[%emt 0:00:34]} Re4 {[%emt 0:03:15]} 47. Kd2 {[%emt 0:00:35]} Kh5 {[%emt 0:00:04]} 48. Kd1 {[%emt 0:00:22]} Kh6 {[%emt 0:00:03]} 49. Kd2 {[%emt 0:00:22]} Kg7 {[%emt 0:00:09]} 50. Kd3 {[%emt 0:00:39]} Kf6 {[%emt 0:00:05]} 51. Kd2 {[%emt 0:00:15]} Ke6 {[%emt 0:00:47]} 52. Re3 {[%emt 0:07:10]} Kd5 {[%emt 0:00:51]} 53. Rd3+ {[%emt 0:00:29]} Ke6 {[%emt 0:01:28]} 54. Re3 {[%emt 0:00:26]} Kd5 {[%emt 0:00:44]} 55. Rd3+ {[%emt 0:00:02]} Kc5 {[%emt 0:02:32]} 56. Rc3+ {[%emt 0:00:19]} Kb5 {[%emt 0:03:18]} 57. Rf3 {[%emt 0:00:17]} Kc5 {[%emt 0:03:13]} 58. Rc3+ {[%emt 0:00:07]} Kd5 {[%emt 0:02:06]} 59. Rd3+ {[%emt 0:00:07]} Ke6 {[%emt 0:03:51]} 60. Re3 {[%emt 0:00:01]} Kd5 {[%emt 0:01:52]} 61. Rd3+ {[%emt 0:00:30]} Kc4 {[%emt 0:00:00]} 62. Rc3+ {[%emt 0:00:12]} Kb5 {[%emt 0:00:17]} 63. Rf3 {[%emt 0:00:00]} Rc4 {[%emt 0:00:16]} 64. Kd3 {[%emt 0:03:38]} Kc5 {[%emt 0:00:06]} 65. h4 {[%emt 0:02:52]} Kd5 {[%emt 0:00:41]} 66. Rf1 {[%emt 0:01:19]} Re4 {[%emt 0:00:22]} 67. Rf3 {[%emt 0:01:04]} Re1 {[%emt 0:00:26]} 68. Rg3 {[%emt 0:01:10]} Rh1 {[%emt 0:00:17]} 69. Rxg6 {[%emt 0:00:35]} Rxh4 {[%emt 0:00:05]} 70. Rg3 {[%emt 0:00:23]} Rxf4 {[%emt 0:00:08]} 71. Re3 {[%emt 0:00:12]} Rd4+ {[%emt 0:00:22]} 72. Kc3 {[%emt 0:00:36]} Rc4+ {[%emt 0:01:03]} 73. Kd3 {[%emt 0:00:20]} Rg4 {[%emt 0:00:52]} 74. Kc3 {[%emt 0:00:51]} f4 {[%emt 0:01:02]} 75. Re8 {[%emt 0:00:15]} f3 {[%emt 0:00:26]} 76. Kd3 {[%emt 0:00:20]} Rf4 {[%emt 0:01:13]} 77. Rd8+ {[%emt 0:00:32]} Ke6 {[%emt 0:01:33]} 78. Re8+ {[%emt 0:00:11]} Kf5 {[%emt 0:00:32]} 79. Ke3 {[%emt 0:00:26]} Kg6 {[%emt 0:02:00]} 80. Rg8+ {[%emt 0:00:54]} Kf7 {[%emt 0:00:43]} 81. Rg1 {[%emt 0:00:13]} Rc4 {[%emt 0:00:29]} 82. Kxf3 {[%emt 0:00:45]} Rc3+ {[%emt 0:00:30]} 83. Ke4 {[%emt 0:00:00]} Rxa3 {[%emt 0:00:07]} 84. Kd4 {[%emt 0:00:00]} Ra2 {[%emt 0:00:59]} 85. Kc3 {[%emt 0:00:07]} Ke6 {[%emt 0:00:24]} 86. Rd1 {[%emt 0:00:18]} Rh2 {[%emt 0:00:30]} 87. Kb4 {[%emt 0:00:32]} Rh4+ {[%emt 0:00:18]} 88. Ka3 {[%emt 0:00:17]} 1/2-1/2

[Event "1st Turkish League 2017"]
[Site "Konya"]
[Date "2017.07.21"]
[Round "7"]
[White "Zubov, Alexander"]
[Black "Solodovnichenko, Yuri"]
[Result "1/2-1/2"]
[WhiteElo "2612"]
[BlackElo "2587"]
[Annotator "TA"]
[PlyCount "49"]
[EventType "team-tourn"]
[EventCountry "TUR"]
[SourceTitle "playchess.com"]
[Source "ChessBase"]
[SourceQuality "1"]

{[%evp 12,49,0,17,13,0,0,0,0,0,0,0,0,0,0,0,0,0,0,0,0,0,0,0,0,0,0,0,0,0,0,0,0,0,0,0,0,0,0,0]} 1. Nf3 d5 2. c4 c6 3. g3 Nf6 4. Bg2 dxc4 5. O-O Nbd7 6. Qc2 Nb6 7. Na3 {[%cal Bb1a3,Ba3c4,Bc4e5][%mdl 32] The position is equal.} Be6 {A11: English Opening: 1...c6} 8. Ng5 (8. Ne5 h5 9. b3 cxb3 10. axb3 h4 11. Bb2 Qc8 12. Rfc1 hxg3 13. hxg3 Bd5 14. Nf3 g6 15. Nc4 {½-½ (41) Adams,M (2761)-So,W (2822) Shamkir 2017}) 8... Bg4 9. Nxc4 Bxe2 10. Ne5 Bh5 $1 11. Re1 h6 12. Ne4 {And now Nxf6+ would win.} e6 13. Nxf6+ gxf6 {[#]} 14. Nxc6 $1 {[%mdl 512]} bxc6 15. Bxc6+ {[#]} Nd7 $146 {White must now prevent ...Rc8.} 16. Qf5 $1 {[%cal Rf5h5]} Bg6 {[#]} 17. Rxe6+ $1 {[%mdl 512]} Be7 $1 (17... fxe6 18. Qxg6+) 18. Qxf6 $1 {[%cal Rf6h8]} Rg8 $1 19. Re1 Kf8 20. Qf4 Rc8 21. Qxh6+ Rg7 $1 22. Qh8+ Rg8 23. Qh6+ Rg7 $1 24. Qh8+ Rg8 25. Qh6+ {Precision: White = 95%, Black = 100%.} 1/2-1/2

[Event "1st Turkish League 2017"]
[Site "Konya"]
[Date "2017.07.21"]
[Round "7"]
[White "Parligras, Mircea-Emilian"]
[Black "Demchenko, Anton"]
[Result "1-0"]
[WhiteElo "2603"]
[BlackElo "2645"]
[Annotator "TA"]
[PlyCount "73"]
[EventType "team-tourn"]
[EventCountry "TUR"]
[SourceTitle "playchess.com"]
[Source "ChessBase"]
[SourceQuality "1"]

{[%evp 13,73,29,27,27,41,31,69,69,70,71,73,82,69,62,60,21,18,2,37,37,35,42,36,36,78,-19,65,-86,-80,-83,-76,-59,-60,-66,-60,-64,-70,-78,-29,-258,-249,-572,-567,-685,-136,-147,0,0,0,0,0,0,0,0,260,270,29983,-500,29984,29985,29994,29995]} 1. d4 Nf6 2. c4 g6 3. Nc3 Bg7 4. e4 d6 5. h3 O-O 6. Be3 e5 7. d5 Na6 8. g4 {E71: King's Indian: 4 e4 d6 5 h3} (8. Nf3 Nc5 9. Nd2 a5 10. Be2 c6 11. O-O Nfd7 12. Qc2 f5 13. exf5 gxf5 14. f4 exf4 15. Bxf4 Ne5 16. Nf3 Ng6 17. Bh2 f4 18. Qd2 {½-½ (41) Matlakov,M (2730)-Shimanov,A (2623) Sochi 2017}) 8... Nc5 9. f3 Ne8 10. Qd2 $146 {White is slightly better.} ({NOTEXT:} 10. h4 f5 11. gxf5 gxf5 12. Qd2 fxe4 13. fxe4 Nf6 14. h5 Ng4 15. O-O-O Nxe3 16. Qxe3 {0-1 (78) Radusinovic,L-Starcevic,G (2167) Obrenovac 2004}) 10... f5 11. exf5 gxf5 12. O-O-O $1 a6 13. Kb1 Rb8 14. Qc2 Qe7 15. Rh2 (15. b4 $5 {[%cal Rb4c5]} Nd7 16. gxf5 $11) 15... e4 (15... b5 $5) 16. fxe4 $1 {Black must now prevent Bxc5.} fxg4 17. hxg4 Be5 18. Rg2 b5 19. g5 (19. Nce2 $16) 19... b4 (19... Bxc3 $1 $11 20. bxc3 bxc4+ 21. Ka1 Qxe4 22. Qxe4 Nxe4) 20. Nce2 $2 (20. Bxc5 $1 $14 {is the one way to stay ahead.} bxc3 21. Ba3) 20... b3 $17 21. axb3 Rxb3 22. Bd4 Bd7 $1 {[%cal Rd7a4] ...Ba4 is the strong threat.} 23. Bxe5 $1 Qxe5 24. Nc3 Ng7 {[%mdl 1024] Black has compensation.} 25. Ka2 $1 Rfb8 26. Rb1 $2 (26. Qc1 $1 $11 {and White stays safe.}) 26... R8b4 $1 $19 {aiming for ...Qxc3!} 27. Nge2 $2 {[#]} (27. Rc1 {was the crucial defense.}) 27... Nf5 $1 {[%mdl 512]} 28. Qd2 {[#]} (28. exf5 Bxf5) 28... Rxc4 $2 (28... Qxe4 $1 $19 {[%mdl 512]} 29. Nc1 (29. Nxe4 Ra4#) 29... Rxc3 $1 {[%mdl 512]}) 29. g6 $17 {[#]} Rbb4 (29... Qxe4 $1 $17 {[%mdl 512]} 30. gxh7+ (30. Nxe4 Ra4#) 30... Kh8) 30. gxh7+ Kh8 $1 {( -> ...Ra4+!)} 31. b3 Nxe4 32. Nxe4 Rxe4 33. Nc3 $40 {[%mdl 128] Black needs to defend precisely.} Re3 $2 {[%mdl 8192]} (33... Rg4 $11 {and Black has nothing to worry.}) 34. Bd3 $18 {Threatens to win with Rg8+.} Rd4 $2 (34... Ng3 $18) 35. Rg8+ Kxh7 36. Qg2 {[%csl Gg8][%cal Rg2g6]} Rg4 37. Qxg4 {Precision: White = 59%, Black = 63%.} 1-0

[Event "1st Turkish League 2017"]
[Site "Konya"]
[Date "2017.07.21"]
[Round "7"]
[White "Delchev, Aleksander"]
[Black "Mirzoev, Azer"]
[Result "1/2-1/2"]
[WhiteElo "2588"]
[BlackElo "2541"]
[Annotator "TA"]
[PlyCount "140"]
[EventType "team-tourn"]
[EventCountry "TUR"]
[SourceTitle "playchess.com"]
[Source "ChessBase"]
[SourceQuality "1"]

{[%evp 9,140,23,40,9,20,15,27,20,27,9,8,0,54,37,31,20,20,18,14,13,30,27,28,23,23,23,27,0,23,20,24,-6,-12,-19,-18,-17,0,-31,0,-16,-7,-46,-20,-27,-16,-30,-32,-32,-31,-48,0,0,0,-50,-50,-50,-49,-41,-39,-71,-72,-79,-82,-125,-127,-131,-131,-131,-131,-131,-131,-131,-131,-131,-131,-131,-86,-131,-77,-77,-77,-86,-77,-77,-77,-77,-62,-77,-77,-84,-63,-84,-77,-86,-86,-87,-84,-84,-84,-84,-56,-56,-56,-56,-56,-56,-56,-56,-56,-56,-56,-56,-56,-72,-72,-72,-72,-72,-52,-52,0,-90,-52,-52,-58,-58,-58,-72,0,-72,0,-72,0]} 1. d4 d5 2. Nf3 Nf6 3. Bf4 c6 4. e3 Qb6 5. b3 Bf5 (5... Nh5 6. Be5 Nd7 7. Be2 Nhf6 8. Bf4 Nh5 9. Be5 Nxe5 10. Nxe5 Nf6 11. O-O g6 12. c4 Bg7 13. Nc3 O-O 14. a3 Qc7 15. cxd5 Nxd5 16. Nxd5 cxd5 17. Nd3 Bf5 18. Rc1 Qd6 19. b4 a5 {½-½ (19) Sandipan,C (2575)-Bu,X (2697) Chengdu 2017}) 6. Be2 {D02: 1 d4 d5 2 Nf3 sidelines, including 2...Nf6 3 g3 and 2...Nf6 3 Bf4} (6. Bd3 $5 {[%cal Rd3f5]} e6 7. O-O $14) 6... Nbd7 7. O-O e6 8. c4 {White has an edge.} Be7 9. h3 Ne4 $146 ({Find the theoretical novelty and annotate with similar games:} 9... O-O 10. c5 Qd8 11. Nc3 Ne4 {1-0 (39) Matlak,M (2172)-Kallio,H (2410) Budapest 2001}) 10. Nfd2 Ndf6 (10... Nxd2 $11 11. Nxd2 Ba3) 11. Nxe4 (11. c5 {feels hotter.} Qd8 12. b4 O-O 13. Nb3 Nd7 14. f3) 11... Nxe4 12. f3 Nf6 13. c5 Qd8 14. b4 a6 15. Nd2 {[%cal Bb1d2,Bd2b3,Bb3a5][%mdl 32]} O-O 16. g4 Bg6 17. Nb3 Nd7 18. Na5 Qc8 (18... e5 $5 {[%cal Re5f4]} 19. Bg3 Ra7 $11) 19. Qe1 Re8 20. Qg3 f6 21. Qh2 e5 22. Bg3 $1 Bd8 23. Nb3 h6 24. Rfe1 Bc7 25. e4 Bf7 26. Bd3 a5 27. bxa5 Bxa5 28. Nxa5 Rxa5 29. exd5 Bxd5 30. Bg6 Rf8 31. Bf5 Ra3 32. dxe5 fxe5 33. Bxe5 {Threatens to win with Bb2.} Rxf3 34. Bd6 R8xf5 35. gxf5 Rxf5 36. Re3 Nf6 $1 37. Rae1 Rg5+ 38. Rg3 {[#]} Ne4 $1 {[%cal Re4g3]} 39. Rxe4 Rxg3+ 40. Qxg3 Bxe4 41. Be5 {[%csl Ge5][%cal Rg3g7]} Qd7 42. Bc3 Kh7 43. Qe5 Bd5 (43... Qd1+ $142 44. Kf2 Qc2+ 45. Ke3 Qd3+ 46. Kf2 Qf3+ 47. Ke1 Qh1+ 48. Kf2 Qg2+ 49. Ke1 Qg1+ 50. Kd2 Qg2+ 51. Ke1 Qg1+ 52. Kd2 Qg2+ 53. Ke1) 44. a3 $17 Qf7 45. Qg3 Be4 46. h4 Qd7 47. Kf2 Qe7 48. Bd4 Bg6 {Hoping for ...Qe4.} 49. Qf4 Bd3 50. Qg4 Qf7+ 51. Ke3 Bg6 52. Kd2 Qa2+ 53. Ke1 Qd5 ({Reject} 53... Qxa3 $6 54. h5 $14) 54. Kf2 h5 55. Qf4 Qa2+ 56. Ke1 Qxa3 57. Qe5 {[%csl Gd4][%cal Re5g7]} Qc1+ 58. Kf2 {[%csl Gd4][%cal Re5g7]} Qc2+ 59. Ke1 {[%csl Gd4][%cal Re5g7]} Qb1+ 60. Kd2 {[%csl Gd4][%cal Re5g7]} Qa2+ 61. Ke3 {[%csl Gd4][%cal Re5g7]} Qf7 62. Kd2 Bf5 63. Kc3 Kg6 64. Kb4 Kh7 65. Kc3 $1 Be6 66. Kb4 Bd5 67. Ka5 Kg8 68. Qb8+ Kh7 {...Qf1 is the strong threat.} 69. Qe5 $1 Kg8 70. Qb8+ $1 {[#]} Kh7 {Precision: White = 59%, Black = 56%.} ({Better is} 70... Qf8 $1 $17 {[%cal Rf8b8]} 71. Qxf8+ Kxf8) 1/2-1/2

[Event "1st Turkish League 2017"]
[Site "Konya"]
[Date "2017.07.21"]
[Round "7"]
[White "Aghamaliyev, Cemil"]
[Black "Eminov, Orkhan"]
[Result "0-1"]
[WhiteElo "2493"]
[BlackElo "2274"]
[Annotator "TA"]
[PlyCount "94"]
[EventType "team-tourn"]
[EventCountry "TUR"]
[SourceTitle "playchess.com"]
[Source "ChessBase"]
[SourceQuality "1"]

{[%evp 14,94,0,-11,0,-5,16,-14,0,-6,29,23,44,41,45,-25,9,9,9,9,13,9,9,9,4,-18,0,-24,0,-35,23,-56,0,-25,-31,-40,23,23,64,48,37,30,25,-63,-55,-87,-81,-58,-68,-56,-65,-82,-64,-117,-103,-116,-118,-150,0,-52,-41,-125,-80,-106,-72,-139,-26,-87,191,0,0,-168,-168,-225,-230,-230,-240,-249,-204,-572,-506,-746,-739]} 1. d4 Nf6 2. Nf3 g6 3. g3 Bg7 4. Bg2 d6 5. O-O O-O 6. a4 Nbd7 7. d5 {A49: 1 d4 Nf6 2 Nf3 g6 3 g3: Anti-King's Indian systems} a5 8. Nc3 {LiveBook: 3 Games} Nc5 9. Nd4 {The position is equal.} Bg4 $146 (9... e5 $5 {[%cal Re5d4]} 10. Ndb5 Nfd7 $11) ({Find the theoretical novelty and annotate with similar games:} 9... e5 10. dxe6 fxe6 11. e4 e5 12. Ndb5 Be6 13. Be3 b6 14. Nd5 Nxd5 15. exd5 {1-0 (57) Ovetchkin,R (2554)-Saric,I (2463) Dresden 2007}) 10. h3 Bd7 11. e4 Qe8 {[%cal Rc5a4]} 12. b3 Qc8 13. Kh2 e5 14. Nde2 (14. dxe6 $14 Nxe6 15. Nxe6 fxe6 16. Qd3) 14... Ne8 15. Be3 f5 16. exf5 gxf5 17. f4 e4 18. Qd2 Nf6 19. Rad1 h5 20. Qe1 Qe8 21. Qf2 b6 (21... Na6 $15) 22. Qe1 (22. Rfe1 $11) 22... Kf7 (22... Na6 $15) 23. Rg1 Rh8 24. Bf1 Qe7 (24... Rh6 $15) 25. Nd4 Rh7 26. Bb5 Rah8 27. Bxd7 Qxd7 28. h4 (28. Kh1 $11) 28... Ng4+ 29. Kh3 Bf6 30. Rd2 Rg8 31. Nd1 Rhg7 32. Rdg2 Kg6 33. Qd2 (33. Qe2 $15) 33... Kh7 $17 34. Nb5 Qf7 35. Rf1 Qd7 ({Black should try} 35... Na6 $17 36. Bg1 Rg6) 36. Rfg1 $1 $15 Qe7 37. Qe1 (37. Re1 $15) 37... Rg6 38. Qe2 Qd7 39. Qe1 (39. Bf2 $142) 39... Qc8 (39... Qf7 $17 40. Nf2 R6g7 41. Nxg4 hxg4+ 42. Kh2 Qxd5) 40. Qe2 (40. Bd4 $11) 40... Ne5 $2 {[%mdl 8192] [#]} (40... Qb7 $17 41. Nf2 Qxd5 42. Nxc7 Qb7) 41. fxe5 $2 ({Better is} 41. Na7 $18 Qd7 42. fxe5 f4+ 43. e6 Nxe6 44. Qxh5+ (44. dxe6 Qxe6+ 45. Kh2 f3 $15) 44... Kg7 45. Kh2 (45. dxe6 Qxe6+ 46. g4 Rh8 $16) 45... fxe3 46. Qf5 (46. dxe6 Qxe6 47. Rf1 Rh8 $16) (46. Nxe3 $2 Ng5 $19)) 41... f4+ $1 $11 42. Kh2 $2 (42. e6 $1 $11 {and White stays safe.} f3 43. Qf2) 42... f3 $36 {[%mdl 2048] Keeping White busy.} 43. exf6 (43. Qd2 $142 Bxe5 44. Bd4) 43... fxe2 44. Rxe2 Rxf6 {[%cal Bg6f6,Bf6f3,Bf3g3][%mdl 32]} 45. Nf2 Rf3 {And now ...Qf5 would win.} 46. Nh3 $2 {[#]} (46. Nd4 {is tougher.}) 46... Qg4 {[%cal Rf3g3]} 47. Bf4 Rxg3 {Precision: White = 28%, Black = 26%.} 0-1

[Event "1st Turkish League 2017"]
[Site "Konya"]
[Date "2017.07.21"]
[Round "7"]
[White "Khamrakulov, Djurabek"]
[Black "Ozkan, Ervin"]
[Result "1-0"]
[WhiteElo "2477"]
[BlackElo "2206"]
[Annotator "TA"]
[PlyCount "109"]
[EventType "team-tourn"]
[EventCountry "TUR"]
[SourceTitle "playchess.com"]
[Source "ChessBase"]
[SourceQuality "1"]

{[%evp 17,109,54,64,64,55,68,74,66,78,80,85,84,84,39,151,147,200,185,199,180,200,117,132,100,142,115,106,97,153,135,159,152,139,156,179,167,158,172,187,108,274,279,261,272,345,324,337,321,457,405,726,714,727,383,383,378,368,370,372,374,370,362,356,361,359,348,431,431,452,447,382,390,585,358,402,358,387,385,452,452,663,656,633,643,29970,29974,29974,29975,29975,29976,29974,29974,29975,29968]} 1. e4 c6 2. Nc3 d5 3. Nf3 Bg4 4. h3 {[%cal Bh2h3,Bh3h4,Bh4h5][%mdl 32]} Bh5 5. exd5 cxd5 6. g4 Bg6 7. Ne5 {B11: Caro-Kann: Two Knights Variation} Nc6 8. d4 e6 9. h4 f6 {LiveBook: 20 Games} 10. Nxc6 bxc6 11. h5 Bf7 $1 12. Bf4 Bd6 13. Bxd6 Qxd6 {[#]} 14. Qd2 $1 Ne7 15. O-O-O $146 Qb4 ({Black should try} 15... O-O $14) 16. a3 $16 Qa5 (16... Qd6 $16) 17. h6 $36 {[%mdl 2048] White is in control.} g6 18. Qf4 f5 19. gxf5 (19. g5 $18) 19... gxf5 20. Re1 Kd7 21. Rh3 Ng6 22. Qg5 Qd8 (22... Rae8 $142) 23. Qd2 Qa5 24. Be2 Rhe8 25. Bh5 Rab8 26. Qg5 Qd8 27. Qe3 Qa5 28. Na2 ({White should play} 28. f4 $18) 28... Nh8 $2 (28... f4 $16 29. Qc3 Qxc3 30. Rxc3 (30. Nxc3 Kd6 $11) 30... a5) 29. Bxf7 Nxf7 30. Rg1 Rg8 31. Rhg3 ({Not} 31. Rg7 Rxg7 32. hxg7 f4 $16) 31... Rxg3 32. Qxg3 Rh8 (32... Rc8 {is a better defense.} 33. Qe3 (33. Qg7 Ke7 $18) 33... Re8) 33. Qg7 Ke7 (33... Ke8 $142 34. Qf6 Qd8 35. Qxe6+ Kf8) 34. Nb4 Qc7 35. Nd3 {[#] Black must now prevent Ne5.} ({Less strong is} 35. Re1 Qf4+ 36. Kb1 Rc8 $16) 35... Qh2 36. Ne5 Qxh6+ 37. Kb1 Qxg7 38. Rxg7 {[%mdl 4096] Endgame KRN-KRN} Rf8 39. Rxh7 Ke8 {intending ...Nxe5.} 40. Nxc6 Rg8 41. Nxa7 Rg1+ 42. Ka2 Rg2 43. a4 Rxf2 44. Kb3 Rd2 (44... Ng5 $142) 45. Nc6 Rd1 46. a5 Ra1 47. Kb4 Ra2 48. Kc3 f4 (48... Ng5 $142) 49. Rh1 Kd7 50. Kb3 Rxb2+ 51. Kxb2 {White mates.} Kxc6 52. a6 {[%cal Ba5a6,Ba6a7][%mdl 32]} Nd6 53. Rh7 Nc4+ 54. Kc3 Nb6 55. a7 {Precision: White = 74%, Black = 42%.} 1-0

[Event "1st Turkish League 2017"]
[Site "Konya"]
[Date "2017.07.21"]
[Round "7"]
[White "Shtembuliak, Evgeny"]
[Black "Koeksal, Ege"]
[Result "0-1"]
[WhiteElo "2474"]
[BlackElo "2390"]
[Annotator "TA"]
[PlyCount "60"]
[EventType "team-tourn"]
[EventCountry "TUR"]
[SourceTitle "playchess.com"]
[Source "ChessBase"]
[SourceQuality "1"]

{[%evp 16,60,81,84,87,79,101,85,95,75,82,50,62,37,62,55,75,50,63,27,14,24,94,19,23,18,22,-8,-8,-66,-38,-255,-232,-232,-218,-563,-531,-811,-787,-1204,-1099,-1250,-1221,-2353,-2352,-29985,-29986]} 1. d4 Nf6 2. c4 g6 3. Nc3 Bg7 4. e4 O-O 5. Nf3 d6 6. Be2 c5 7. d5 e5 8. O-O Ne8 9. Bg5 {LiveBook: 3 Games} f6 {E92: King's Indian: Classical: 6 Be2 e5: 7 dxe5, 7 Be3 and Petrosian System without 7...Nbd7} 10. Bh4 h5 (10... g5 11. Bg3 f5 12. exf5 Bxf5 13. Nd2 Nf6 14. f3 h6 15. Nde4 a6 16. Bd3 Nh5 17. Qc2 {½-½ (39) Stefanov,E (2484)-Samani,Y (2265) Zadar 2016}) 11. h3 Bh6 {White is better.} 12. Ne1 Ng7 13. Nd3 Nd7 14. a3 $146 ({Find the theoretical novelty and annotate with similar games:} 14. g4 hxg4 15. hxg4 a6 16. Kg2 Bf4 17. Rh1 {0-1 (40) Jakob,S (2230)-Urban,J (2330) Budapest 1991}) 14... a6 15. b4 b6 16. Rb1 Qe8 17. g4 (17. Qa4 $5 {[%cal Ra4c6]} Bd2 18. Nd1 $16) 17... hxg4 $1 18. hxg4 Bf4 (18... f5 $1 $11 {keeps the balance.}) 19. Bg3 (19. Kg2 $16) 19... Bg5 $11 20. bxc5 bxc5 21. Kg2 f5 22. gxf5 (22. exf5 $11 gxf5 23. f3) 22... gxf5 $15 23. exf5 $2 {[#]} (23. f4 $1 $15 exf4 24. Nxf4) 23... Nf6 $1 $19 24. Rb6 Nxf5 25. Ne1 $2 (25. Rg1 {was the crucial defense.} Nxg3 26. fxg3) 25... e4 26. Qc2 Ra7 {[%cal Ba8a7,Ba7g7,Bg7g3][%mdl 32]} 27. Rh1 Rg7 28. Rb8 Bf4 {[%cal Rf4g3]} 29. Rh3 Bxg3 30. Rxg3 Rxg3+ {Precision: White =  5%, Black = 74%.} 0-1

[Event "1st Turkish League 2017"]
[Site "Konya"]
[Date "2017.07.21"]
[Round "7"]
[White "Bivol, Alina"]
[Black "Khukhashvili, Sopiko"]
[Result "1-0"]
[WhiteElo "2379"]
[BlackElo "2339"]
[Annotator "NA"]
[PlyCount "77"]
[EventType "team-tourn"]
[EventCountry "TUR"]
[SourceTitle "playchess.com"]
[Source "ChessBase"]
[SourceQuality "1"]
[TimeControl "5400+30"]

1. e4 {[%emt 0:00:30]} e6 {[%emt 0:01:00]} 2. d4 {[%emt 0:00:30]} d5 {[%emt 0:00:30]} 3. Bd3 {[%emt 0:00:00]} Nf6 {[%emt 0:01:30]} 4. e5 {[%emt 0:01:00]} Nfd7 {[%emt 0:00:00]} 5. Ne2 {[%emt 0:00:30]} c5 {[%emt 0:00:00] C01: French: Exchange Variation} 6. c3 {[%emt 0:00:00] LiveBook: 7 Games} b6 {[%emt 0:01:30]} 7. O-O {[%emt 0:05:00]} (7. Nf4 Qc7 8. Qh5 cxd4 9. Nxe6 Qxe5+ 10. Qxe5 Nxe5 11. Bb5+ Bd7 12. Nxd4 Nbc6 13. Nxc6 Bxc6 {1-0 (68) Vavulin,M (2453)-Bortnyk,O (2533) Moscow 2015}) 7... Ba6 {[%emt 0:00:30]} 8. Bc2 {[%emt 0:01:30]} Nc6 {[%emt 0:00:30]} 9. Be3 $146 {[%emt 0:00:30]} ({Predecessor:} 9. Re1 cxd4 10. Nxd4 Ncxe5 11. f4 Nc4 12. Rxe6+ fxe6 13. Qh5+ g6 14. Bxg6+ hxg6 15. Qxg6+ Ke7 16. Qxe6# {1-0 (16) Janaszak,D (2389)-Michalski,D (2077) Zgierz 2017}) 9... Rc8 {[%emt 0:01:30]} 10. f4 {[%emt 0:12:30]} g6 {[%emt 0:00:30]} 11. Rf2 {[%emt 0:03:30]} cxd4 {[%emt 0:05:30]} 12. Nxd4 {[%emt 0:00:30]} Nxd4 {[%emt 0:00:00]} 13. Bxd4 {[%emt 0:00:30]} Bc5 {[%emt 0:00:00]} 14. Nd2 {[%emt 0:00:30]} O-O {[%emt 0:02:30]} 15. Nf3 {[%emt 0:02:30]} Be7 {[%emt 0:01:30]} 16. Qd2 {[%emt 0:05:30]} Nc5 {[%emt 0:00:00]} 17. Qe3 {[%emt 0:01:30]} Qd7 {[%emt 0:01:00]} 18. Rd1 {[%emt 0:02:30]} Qc6 $16 {[%emt 0:03:30]} 19. g4 {[%emt 0:00:30]} Ne4 {[%emt 0:03:30]} 20. Rg2 {[%emt 0:01:30]} Rfd8 {[%emt 0:00:30]} 21. h4 {[%emt 0:05:30]} b5 {[%emt 0:03:30]} 22. a3 {[%emt 0:00:30]} Bb7 {[%emt 0:01:30]} 23. f5 {[%emt 0:03:30]} Bf8 {[%emt 0:00:30]} 24. h5 {[%emt 0:02:30]} a5 {[%emt 0:01:30]} 25. hxg6 {[%emt 0:03:30]} fxg6 {[%emt 0:00:30]} 26. Rh2 {[%emt 0:01:30]} h6 {[%emt 0:12:30]} 27. Nh4 {[%emt 0:07:30]} g5 {[%emt 0:01:30]} 28. Ng6 {[%emt 0:00:30]} Qe8 {[%emt 0:00:00]} 29. Kg2 {[%emt 0:04:30]} Rd7 {[%emt 0:05:00]} 30. Nxf8 {[%emt 0:02:30]} Qxf8 {[%emt 0:00:30]} 31. fxe6 {[%emt 0:00:30]} Rh7 {[%emt 0:02:30]} 32. Rf1 {[%emt 0:00:30]} Qg7 {[%emt 0:00:30]} 33. Rf6 {[%emt 0:01:30]} b4 {[%emt 0:00:30]} 34. Bxe4 {[%emt 0:03:30]} dxe4 {[%emt 0:00:30]} 35. Kg3 {[%emt 0:00:00]} bxa3 {[%emt 0:04:30]} 36. bxa3 {[%emt 0:00:00]} Rf8 {[%emt 0:00:30]} 37. Rhf2 {[%emt 0:00:30]} Rxf6 {[%emt 0:01:30]} 38. exf6 {[%emt 0:00:30]} Qc7+ {[%emt 0:01:30]} 39. Kh3 {[%emt 0:00:30]} 1-0